The new era of telecommunication / (Record no. 141952)

MARC details
000 -LEADER
fixed length control field 00543nam a22001817a 4500
005 - DATE AND TIME OF LATEST TRANSACTION
control field 20170808145355.0
010 ## - LCCN (DPL NO)
LC control number ENG-119411
020 ## - INTERNATIONAL STANDARD BOOK NUMBER
International Standard Book Number 9789389393309
Terms of availability 675.00
035 ## - SYSTEM CONTROL NUMBER
System control number EN-102943
037 ## - SOURCE OF ACQUISITION
Source of stock number/acquisition DBAD/PUB
082 ## - DEWEY DECIMAL CLASSIFICATION NUMBER
Classification number 621.382
100 ## - MAIN ENTRY--PERSONAL NAME
Personal name Gupta, Manoj
245 ## - TITLE STATEMENT
Title The new era of telecommunication /
Statement of responsibility, etc by Manoj Gupta
260 ## - PUBLICATION, DISTRIBUTION, ETC. (IMPRINT)
Place of publication, distribution, etc Allahbad
Name of publisher, distributor, etc Sankat Prakashan
Date of publication, distribution, etc 2016
270 ## - ADDRESS
Address 5, Upendra Nath Ashk Marg, Old Khusro Bagh Road, Allahbad-211001
300 ## - PHYSICAL DESCRIPTION
Extent 256p
Dimensions 23cm.(Hb)
942 ## - ADDED ENTRY ELEMENTS (KOHA)
Source of classification or shelving scheme Dewey Decimal Classification
Item type English Books
Classification part 621.382
Call number suffix GUP
Holdings
Withdrawn status Lost status Not for loan Collection code Home library Current library Date acquired Source of acquisition Cost, normal purchase price Full call number Barcode Copy number Cost, replacement price Koha item type
    Not For Loan Non-fiction D.B.Act.Division Bawana 23/06/2017 DBAD/PUB 675.00 621.382 GUP EN-102943 1 675.00 English Books

© Delhi Public Library
Hit Counter
free hit counter